[Event "28th WSCC Women 65 2018"]
[Site "Bled"]
[Date "2018.11.29"]
[Round "11"]
[White "Tsifanskaya, Ludmila A"]
[Black "Serjmyadag, Damdin"]
[Result "1-0"]
[WhiteElo "1996"]
[BlackElo "1864"]
[Annotator "NA RC"]
[PlyCount "151"]
[EventDate "2018.11.17"]
[EventType "swiss"]
[EventCountry "SLO"]
[SourceTitle "playchess.com"]
[Source "ChessBase"]
[SourceQuality "1"]
[TimeControl "40/5400+30:1800+30"]

1. e4 e6 2. d4 d5 3. Bd3 Nf6 4. e5 Nfd7 5. f4 {C01: French: Exchange Variation} (5. c3 c5 6. Nf3 Nc6 7. O-O Qb6 8. Bc2 Be7 9. a3 a5 10. Re1 f6 11. exf6 Nxf6 12. Qd3 Bd7 13. Nbd2 cxd4 14. cxd4 O-O 15. b3 Rac8 {1-0 (57) Onischuk,V (2623)-Krishna,C (2380) Bastia 2017}) 5... c5 6. c3 Nc6 7. Nf3 Be7 8. O-O Qb6 9. Kh1 cxd4 10. cxd4 f5 $146 ({Predecessor:} 10... Nxd4 $11 {keeps the balance.} 11. Be3 (11. Nxd4 Qxd4 12. Nc3 a6 {1-0 (28) Valiente,C (2263)-Penayo,N (1895) Asuncion 2011}) 11... Bc5) 11. Nc3 O-O 12. b3 Re8 13. Be3 Nf8 14. Rg1 Qd8 15. g4 Ba3 (15... Bd7 $16) 16. Nb5 Be7 17. gxf5 exf5 18. Nc3 Nb4 19. Be2 Be6 20. a3 Nc6 21. Ng5 Bxg5 22. Rxg5 a6 23. Na4 Bc8 24. Rc1 Ne6 25. Rg3 ({But not} 25. Rxf5 $6 Nexd4 26. Rg5 Nxe2 $11) 25... Ne7 26. Nc5 Kf7 (26... Nxc5 $16 {was called for.} 27. Rxc5 Be6) 27. b4 b6 28. Nxe6 Bxe6 29. Qf1 b5 30. Qh3 Rh8 31. Rcg1 g6 32. Bf2 Rc8 33. Re3 h5 (33... Rc4 {was worth a try.}) 34. Bh4 Rg8 35. Bf6 Qd7 $2 (35... Qb6 {was necessary.}) 36. Reg3 Ke8 37. Bxh5 Bf7 38. Bd1 (38. Bxe7 $142 Qxe7 39. Bxg6 Bxg6 40. Rxg6 Rxg6 41. Rxg6) 38... Rc1 39. Rc3 Rxc3 40. Qxc3 Qc6 41. Rg3 Qc8 42. Bb3 Kd7 43. Bxe7 Kxe7 44. Qe1 Be6 45. Rc3 Qd8 46. Rc6 g5 47. fxg5 Rxg5 48. Qh4 Qg8 49. Rc1 Kd7 50. Qf2 f4 51. Qc2 f3 52. Qc6+ Kd8 53. Qb6+ Ke8 54. Qb8+ Ke7 55. Qd6+ Ke8 56. Bxd5 f2 57. Qb8+ Kf7 58. Bxe6+ Kxe6 59. Qxg8+ Rxg8 60. Rf1 Rf8 61. Kg2 Rf4 62. Rxf2 Rxd4 63. Rf6+ Kxe5 64. Rxa6 Kd5 65. Kg3 Kc4 66. Rf6 Rd3+ 67. Rf3 Rxf3+ 68. Kxf3 Kb3 69. h4 Kxa3 70. h5 Kxb4 71. h6 Ka3 72. h7 b4 73. h8=Q b3 74. Qa1+ Kb4 75. Qb2 Kc4 76. Ke4 {Kd5} 1-0

[Event "28th WSCC Women 65 2018"]
[Site "Bled"]
[Date "2018.11.29"]
[Round "11"]
[White "Kabanova, Irina"]
[Black "Kozlovskaya, Valentina"]
[Result "0-1"]
[WhiteElo "1856"]
[BlackElo "2154"]
[Annotator "RC"]
[PlyCount "94"]
[EventDate "2018.11.17"]
[EventType "swiss"]
[EventCountry "SLO"]
[SourceTitle "playchess.com"]
[Source "ChessBase"]
[SourceQuality "1"]
[TimeControl "40/5400+30:1800+30"]

1. e4 c5 2. Nf3 a6 3. c3 d5 4. exd5 Qxd5 5. d4 e6 6. Be2 cxd4 7. cxd4 Nf6 8. Nc3 Qd8 9. O-O Be7 10. h3 O-O 11. Be3 Nc6 12. Qd2 Nb4 13. Ne5 Nbd5 14. Bf3 Nxe3 15. fxe3 Bd6 16. Ng4 Ne8 17. Rad1 Ra7 18. a3 b5 19. Qe2 Qb6 20. Kh1 Bb8 21. Ne5 Rc7 22. Nd3 f6 23. g4 Nd6 24. Qg2 Nc4 25. Qe2 Nxa3 26. Nc5 Nc4 27. b3 Ne5 28. Be4 Ng6 29. b4 Re7 30. Qf2 Qd6 31. Rc1 f5 32. gxf5 exf5 33. Bd5+ Kh8 34. Rg1 Rxe3 35. Rg2 Rxc3 36. Rxc3 Qxd5 37. Kg1 f4 38. h4 Qf5 39. Rf3 Qb1+ 40. Kh2 Qxb4 41. h5 Ne7 42. Nd3 Qd6 43. Ne5 Qh6 44. Qh4 Bxe5 45. Qxe7 Qxh5+ 46. Kg1 Bxd4+ 47. Rff2 Qf7 0-1